| 000 | 01259cam a2200241 i 4500 | ||
|---|---|---|---|
| 999 |
_c7582 _d7582 |
||
| 003 | OSt | ||
| 005 | 20200316134149.0 | ||
| 008 | 131024s2014 dcua b 001 0 eng | ||
| 020 | _a9781610914543 (pbk. : alk. paper) | ||
| 040 |
_aDLC _beng _cDLC _erda |
||
| 050 | 0 | 0 |
_aKF5698 _b.P588 2014 |
| 082 | 0 | 0 |
_a346.7304/5 _223 _bPLA |
| 100 | 1 |
_aPlatt, Rutherford H., _eauthor. |
|
| 245 | 1 | 0 |
_aLand use and society : _bgeography, law, and public policy / _cRutherford H. Platt. |
| 250 | _aThird Edition. | ||
| 300 |
_axi, 305 pages : _billustrations ; _c27 cm |
||
| 504 | _aIncludes bibliographical references (pages 271-294) and index. | ||
| 505 | 0 | _aLand use and society : fundamentals and issues -- Shaping the human landscape : the interaction of geography and law -- Historical roots of American land use institutions -- Building a metropolitan nation : 1900-1940 -- The polarized metropolis : 1945-2010 -- Property rights : the owner as planner -- The patchwork of local governments -- Zoning, regionalism, and smart growth -- Land use and the courts -- Congress and the metropolitan environment. | |
| 650 | 0 |
_aLand use _xLaw and legislation _zUnited States. |
|
| 650 | 0 |
_aLand use _zUnited States. |
|
| 650 | 0 |
_aPhysical geography _zUnited States. |
|
| 942 | _2ddc | ||